E-finance : (Record no. 342838)

000 -LEADER
fixed length control field 03016 a2200469 4500
020 ## - INTERNATIONAL STANDARD BOOK NUMBER
International Standard Book Number 047156026X
020 ## - INTERNATIONAL STANDARD BOOK NUMBER
International Standard Book Number 9780471560265
082 04 - DEWEY DECIMAL CLASSIFICATION NUMBER
Classification number 658.84
090 ## - LOCALLY ASSIGNED LC-TYPE CALL NUMBER (OCLC); LOCAL CALL NUMBER (RLIN)
-- 268
-- 268
100 1# - MAIN ENTRY--PERSONAL NAME
Personal name Banks, Erik.
245 10 - TITLE STATEMENT
Title E-finance :
Remainder of title the electronic revolution /
Statement of responsibility, etc. Erik Banks.
250 ## - EDITION STATEMENT
Edition statement 1st ed.
260 ## - PUBLICATION, DISTRIBUTION, ETC.
Place of publication, distribution, etc. [S.l.] :
Name of publisher, distributor, etc. Wiley,
Date of publication, distribution, etc. 2001.
300 ## - PHYSICAL DESCRIPTION
Extent 220 p. ;
Dimensions 24 cm.
500 ## - GENERAL NOTE
General note Hardcover.
520 ## - SUMMARY, ETC.
Summary, etc. e-Finance: The Electronic Revolution is the first comprehensive and practical attempt to chart the history, progress and future of B2B and B2C electronic financial services. It explains clearly and concisely how and why the world of retail and institutional finance has started a migration from conventional foundations to computerized, Internet-driven practices, and considers where such efforts will ultimately lead. Industry examples from different countries and markets are included throughout the book to illustrate the expansion, failures, successes, and future of electronic finance. The book is aimed at a general financial audience and includes specific discussion about: the key elements that have made electronic commerce a reality, focusing on the creation and expansion of the Internet/advances in communications/computers ( technology) , the development of e-commerce business models ( ideas ), and the availability of venture capital/equity to fund growth ( capital ); the nature of the financial products, services and information that are available to institutional and individual customers around the world (along with their relative costs, benefits, and drawbacks); the advantages/disadvantages of traditional and virtual finance, potential areas of growth and consolidation, and the future path of the industry in a rapidly-changing environment (with a particular focus on competition and market structures).
650 #4 - SUBJECT ADDED ENTRY--TOPICAL TERM
Topical term or geographic name entry element Business/Economics.
650 #4 - SUBJECT ADDED ENTRY--TOPICAL TERM
Topical term or geographic name entry element Computing: Consumer Books ('Technical Trade')
650 #4 - SUBJECT ADDED ENTRY--TOPICAL TERM
Topical term or geographic name entry element Applications of Computing.
650 #4 - SUBJECT ADDED ENTRY--TOPICAL TERM
Topical term or geographic name entry element Computer science.
650 #4 - SUBJECT ADDED ENTRY--TOPICAL TERM
Topical term or geographic name entry element Internet guides & online services.
650 #4 - SUBJECT ADDED ENTRY--TOPICAL TERM
Topical term or geographic name entry element Investment & securities.
650 #4 - SUBJECT ADDED ENTRY--TOPICAL TERM
Topical term or geographic name entry element Business / Economics / Finance.
650 #4 - SUBJECT ADDED ENTRY--TOPICAL TERM
Topical term or geographic name entry element Business & Economics.
650 #4 - SUBJECT ADDED ENTRY--TOPICAL TERM
Topical term or geographic name entry element Computer networks.
650 #4 - SUBJECT ADDED ENTRY--TOPICAL TERM
Topical term or geographic name entry element Financial services industry.
650 #4 - SUBJECT ADDED ENTRY--TOPICAL TERM
Topical term or geographic name entry element Accounting - General.
650 #4 - SUBJECT ADDED ENTRY--TOPICAL TERM
Topical term or geographic name entry element Business & Economics / Finance.
650 #4 - SUBJECT ADDED ENTRY--TOPICAL TERM
Topical term or geographic name entry element Business & Economics : Accounting - General.
650 #4 - SUBJECT ADDED ENTRY--TOPICAL TERM
Topical term or geographic name entry element Business & Economics : E-Commerce - Online Banking.
650 #4 - SUBJECT ADDED ENTRY--TOPICAL TERM
Topical term or geographic name entry element COMPUTERS / Internet / General.
650 #4 - SUBJECT ADDED ENTRY--TOPICAL TERM
Topical term or geographic name entry element E-Commerce - Online Banking.
650 #4 - SUBJECT ADDED ENTRY--TOPICAL TERM
Topical term or geographic name entry element Finance.
650 #4 - SUBJECT ADDED ENTRY--TOPICAL TERM
Topical term or geographic name entry element Electronic commerce.
650 #4 - SUBJECT ADDED ENTRY--TOPICAL TERM
Topical term or geographic name entry element Electronic commerce.
650 #4 - SUBJECT ADDED ENTRY--TOPICAL TERM
Topical term or geographic name entry element Financial services industry - Computer networks.
650 #4 - SUBJECT ADDED ENTRY--TOPICAL TERM
Topical term or geographic name entry element Internet.
650 #4 - SUBJECT ADDED ENTRY--TOPICAL TERM
Topical term or geographic name entry element Internet.
856 40 - ELECTRONIC LOCATION AND ACCESS
Materials specified Amazon.com
Uniform Resource Identifier <a href="http://www.amazon.com/exec/obidos/ASIN/047156026X/chopaconline-20">http://www.amazon.com/exec/obidos/ASIN/047156026X/chopaconline-20</a>
856 40 - ELECTRONIC LOCATION AND ACCESS
Materials specified Amazon customer reviews
Uniform Resource Identifier <a href="http://www.chopac.org/cgi-bin/tools/azrev.pl?q=047156026X">http://www.chopac.org/cgi-bin/tools/azrev.pl?q=047156026X</a>
942 ## - ADDED ENTRY ELEMENTS (KOHA)
Institution code [OBSOLETE] NBS
Koha item type Book
Call number prefix 658.84 BAN
Holdings
Withdrawn status Lost status Damaged status Not for loan Permanent Location Current Location Date acquired Total Checkouts Full call number Barcode Date last seen Price effective from Koha item type
        Central Library (CL) Central Library (CL) 08/28/2013   658.84 BAN NBS6614 08/28/2013 08/28/2013 Book
        Central Library (CL) Central Library (CL) 08/28/2013   658.84 BAN NBS6374 08/28/2013 08/28/2013 Book
        Central Library (CL) Central Library (CL) 08/28/2013   658.84 BAN NBS7636 08/28/2013 08/28/2013 Book
        Central Library (CL) Central Library (CL) 08/28/2013   658.84 BAN NBS6693 08/28/2013 08/28/2013 Book
© 2023 Central Library, National University of Sciences and Technology. All Rights Reserved.